| 000 | 00721nam a2200253Ia 4500 | ||
|---|---|---|---|
| 003 | OSt | ||
| 005 | 20220925212505.0 | ||
| 006 | a|||||r|||| 00| 0 | ||
| 007 | ta | ||
| 008 | 220923b |||||||| |||| 00| 0 eng d | ||
| 037 | _cGeneral Book | ||
| 040 |
_aRTL _cRTL _beng |
||
| 041 |
_2eng _aeng |
||
| 082 | _aU475:(L:14).3.N8, M6 | ||
| 100 |
_aMayhew Leslie _9276899 |
||
| 245 | 0 | _aUrban hospital location | |
| 260 |
_aLondon _bAllen & Unwin UK _c1986 |
||
| 300 |
_aviii,166p _ccm. |
||
| 490 | _aLondon research series in geography,4 | ||
| 500 | _aBib p. 161-63 | ||
| 650 |
_aHuman Geography _91464 |
||
| 942 |
_hU475:(L:14).3.N8, M6 _cGB _2CC |
||
| 999 |
_c560500 _d560500 |
||